000 00778nam a2200181 a 4500
008 120416s2009 ||||||||||||||||| || u
050 _aUN-ESCWA(08)
110 _aUnited Nations Economic and Social Commission for Western Asia (ESCWA)
245 1 0 _aNational accounts studies of the ESCWA region
_cby United Nations Economic and Social Commission for Western Asia [UN-ESCWA]
260 _aNew York:
_bUNITED NATIONS
_c2009
300 _axv, 83p.: ill.
350 _a0.00
490 _aNational Accounts Studies
490 _v28
650 0 _aACCOUNTING--HANDBOOKS, MANUALS, ETC
650 _aACCOUNTING--ASIA, WESTERN
995 _FCBU-MAIN LIBRARY (Kitwe)
_I0.00
_M1
_UAVAILABLE
_WMar 6, 2013
_ZInternational Publications
999 _c51905
_d51905